| 000 | 00891nam a2200265Ia 4500 | ||
|---|---|---|---|
| 008 | 170203s9999 xx 000 0 und d | ||
| 020 | _a9789715181600 | ||
| 050 | _aFic | ||
| 050 | _bM478h | ||
| 245 | _aHannah Montana : | ||
| 245 | _bface the music / | ||
| 245 | _cadapted by Beth Beechwood. | ||
| 260 | _aNew York : | ||
| 260 | _bDisney Press, | ||
| 260 | _c2007 | ||
| 300 | _a118 pages. | ||
| 440 | _aHannah Montana. | ||
| 500 | _aBased ont eh series created by Michael Poryes and Rich Correll & Barry O'Brein. Part one is based on the episode, "Smell like teen sellout," written by Heather Wordham. Part two is based on the episode, "We are familiy-No get me some water!" written by Ja | ||
| 650 | _aHumorous stories. | ||
| 650 | _aSchools -- | ||
| 650 | _aTeenage girls -- | ||
| 650 | _xJuvenile fiction. | ||
| 650 | _xJuvenile fiction. | ||
| 650 | _xSchools. | ||
| 999 |
_c306291 _d306291 |
||